El mercado único en marcha
Uloženo v:
| Médium: | Kniha |
|---|---|
| Jazyk: | španělština |
| Vydáno: |
Bruselas
Comisión de las Comunidades Europeas
1992
|
| Edice: | Europa en Movimiento
|
| Témata: | |
| Tagy: |
Přidat tag
Žádné tagy, Buďte první, kdo vytvoří štítek k tomuto záznamu!
|
MARC
| LEADER | 00000nam a2200000 a 4500 | ||
|---|---|---|---|
| 001 | UCZ6665 | ||
| 003 | CL-VaPUC | ||
| 008 | 951214e19920000BE |||||||||||||||||spa|d | ||
| 082 | 0 | 4 | |a 337.142 |b MER |2 21 |
| 245 | 1 | 3 | |a El mercado único en marcha |
| 300 | |a 41 p | ||
| 942 | |c BK | ||
| 945 | |d 19951214 00:00:00 |a rleighto | ||
| 260 | |a Bruselas |b Comisión de las Comunidades Europeas |c 1992 | ||
| 650 | 0 | |a Mercado único europeo |9 334147 | |
| 650 | 0 | |a Comunidad Europea |9 255772 | |
| 650 | 7 | |a UNION EUROPEA |2 CL-VaPUC |9 351100 | |
| 650 | 7 | |a ORGANISMOS INTERNACIONALES |2 CL-VaPUC |9 255448 | |
| 583 | |a last modification |c 19951214 00:00:00 |k Rodrigo Vera | ||
| 490 | 0 | |a Europa en Movimiento | |
| 999 | |c 242856 |d 242854 | ||
| 952 | |0 0 |1 0 |4 0 |6 337_142000000000000_MER_1992 |7 0 |8 A |9 256112 |a BIBENE |b BIBENE |d 2019-11-19 |i 316232K |o 337.142 MER 1992 |p 316232K |r 2025-01-15 |w 2019-11-19 |y BK |k ICO | ||